Kautilya's Arthasastra : (Record no. 55365)

MARC details
000 -LEADER
fixed length control field 02862nam a22003617a 4500
005 - DATE AND TIME OF LATEST TRANSACTION
control field 20110812140737.0
010 ## - LCCN (DPL NO)
LC control number ENG-103293 B-464591-600
020 ## - INTERNATIONAL STANDARD BOOK NUMBER
Terms of availability 395.00
International Standard Book Number 9788179103296
035 ## - SYSTEM CONTROL NUMBER
System control number EN-86826 B-464591-600
037 ## - SOURCE OF ACQUISITION
Source of stock number/acquisition DBAD/PUB
037 ## - SOURCE OF ACQUISITION
Source of stock number/acquisition RBC/Ven
082 ## - DEWEY DECIMAL CLASSIFICATION NUMBER
Classification number 320.934
100 ## - MAIN ENTRY--PERSONAL NAME
Personal name Mannadiar, N. S.
245 ## - TITLE STATEMENT
Title Kautilya's Arthasastra :
Statement of responsibility, etc by N.S. Mannadiar,
Remainder of title basics and essence /
260 ## - PUBLICATION, DISTRIBUTION, ETC. (IMPRINT)
Place of publication, distribution, etc Jaipur
Name of publisher, distributor, etc Aavishkar Publishers
Date of publication, distribution, etc 2010
270 ## - ADDRESS
Address 807, Vyas Building, Chaura Rasta
City Jaipur
Postal code 302003
300 ## - PHYSICAL DESCRIPTION
Extent xii,116p. :
Dimensions 23cm (Hb)
Other physical details ill.
500 ## - GENERAL NOTE
General note Includes bibliographical references and index
700 ## - ADDED ENTRY--PERSONAL NAME
9 (RLIN) 31640
942 ## - ADDED ENTRY ELEMENTS (KOHA)
Source of classification or shelving scheme Dewey Decimal Classification
Item type English Books
Call number suffix MAN
Classification part 320.934
Holdings
Withdrawn status Lost status Not for loan Collection code Home library Current library Date acquired Source of acquisition Cost, normal purchase price Full call number Barcode Copy number Cost, replacement price Koha item type
      Non-fiction Andrews Gunj Andrews Gunj 22/06/2012 RBC/27857/05.03.2012/26/18.01.2012/12.03.2012 395.00 320.934 MAN B-464596 1 395.00 English Books
      Non-fiction Central Library Central Library 22/06/2012 RBC/27857/05.03.2012/26/18.01.2012/12.03.2012 395.00 320.934 MAN B-464591 1 395.00 English Books
    Not For Loan Non-fiction D.B.Act.Division D.B.Act.Division 12/08/2011 DBAD/PUB 395.00 320.934 MAN EN-86826 1 395.00 English Books
      Non-fiction Janak Puri Janak Puri 22/06/2012 RBC/27857/05.03.2012/26/18.01.2012/12.03.2012 395.00 320.934 MAN B-464593 1 395.00 English Books
      Non-fiction Karol Bagh Karol Bagh 22/06/2012 RBC/27857/05.03.2012/26/18.01.2012/12.03.2012 395.00 320.934 MAN B-464598 1 395.00 English Books
      Non-fiction Narela Narela 22/06/2012 RBC/27857/05.03.2012/26/18.01.2012/12.03.2012 395.00 320.934 MAN B-464599 1 395.00 English Books
      Non-fiction Patel Nagar Patel Nagar 22/06/2012 RBC/27857/05.03.2012/26/18.01.2012/12.03.2012 395.00 320.934 MAN B-464592 1 395.00 English Books
      Non-fiction R.K.Puram-8 R.K.Puram-8 22/06/2012 RBC/27857/05.03.2012/26/18.01.2012/12.03.2012 395.00 320.934 MAN B-464595 1 395.00 English Books
      Non-fiction Sarojini Nagar Sarojini Nagar 22/06/2012 RBC/27857/05.03.2012/26/18.01.2012/12.03.2012 395.00 320.934 MAN B-464594 1 395.00 English Books
      Non-fiction Shahdara Branch Shahdara Branch 22/06/2012 RBC/27857/05.03.2012/26/18.01.2012/12.03.2012 395.00 320.934 MAN B-464600 1 395.00 English Books
      Non-fiction Vinoba Puri Vinoba Puri 22/06/2012 RBC/27857/05.03.2012/26/18.01.2012/12.03.2012 395.00 320.934 MAN B-464597 1 395.00 English Books

© Delhi Public Library
Hit Counter
free hit counter